00169nam a2200073Ia 4500008004100000082001300041100002300054245001800077240331s9999 xx 000 0 und d a294bRAJ aRajagopalachari, C 0aMahabharatham